| 000 | 00469nam a2200193Ia 4500 | ||
|---|---|---|---|
| 005 | 20250423100422.0 | ||
| 008 | 250422s9999 xx 000 0 und d | ||
| 020 | _a0-07-242460-5 | ||
| 050 | _aQD 251.3 .C37/ | ||
| 100 | _aAtkins, Robert C. | ||
| 245 | 0 | _aOrganic chemistry : student solutions manual to accompany | |
| 250 | _a5th ed. | ||
| 260 | _aNew York | ||
| 260 | _bMcGraw-Hill | ||
| 260 | _c2003 | ||
| 300 | _a856 p | ||
| 650 | _aScience | ||
| 942 | _cBK | ||
| 999 |
_c33248 _d33248 |
||